Language Quiz

Random Language or Letter Quiz

Complete the 5-Letter Word Quiz Stats

 Plays Quiz Updated Sep 24, 2014

Score 0/32 Timer 06:00
0 Plays Today
% Correct
A, I, U
93.9%
I, R
92.6%
K, L, T
91.9%
L, N, T
91%
C, N, S
89.8%
I, W
88.6%
A, E, P
87.6%
C, D, M, S, Z
85.7%
K, R
85.5%
B, V
83.3%
R, W
80.5%
M, O
80.5%
M, P
80.2%
C, R
80.2%
A, C, O
80.1%
A, E, O
79.4%
% Correct
C, K, V, Z
79.1%
B, T, W
78.1%
K, M, T
77.6%
N, R
76.9%
D, L, M, N
76.6%
M, R, S
74.5%
S, T
74.4%
N, P, S
73.7%
N, V
70.7%
L, R
70%
C, D, P, T, V, Z
69.7%
P, R
66.6%
G, S, V
65.2%
B, E
63.5%
C, G, T
60.7%
C, E, G
55.4%

You're not logged in!

Compare scores with friends on all Sporcle quizzes.
OR
Log In

You Might Also Like...

Show Comments

Extras

Top Quizzes Today


Score Distribution

Your Account Isn't Verified!

In order to create a playlist on Sporcle, you need to verify the email address you used during registration. Go to your Sporcle Settings to finish the process.

Report this User

Report this user for behavior that violates our Community Guidelines.

Details: